Three Dimensional Human Organotypic Models for Biomedical Research /

This edited volume discusses the application of very diverse human organotypic models in major areas of biomedical research. The authors lay a main focus on infectious diseases, cancer, allergies, as well as drug/vaccine discovery and toxicology studies. Representing a valid alternative to laborator...

Full description

Bibliographic Details
Corporate Author: SpringerLink (Online service)
Other Authors: Bagnoli, Fabio (Editor), Rappuoli, Rino (Editor)
Format: eBook
Language:English
Published: Cham : Springer International Publishing : Imprint: Springer, 2021.
Edition:1st ed. 2021.
Series:Current Topics in Microbiology and Immunology, 430
Subjects:
Online Access:Connect to the full text of this electronic book

MARC

Tag First Indicator Second Indicator Subfields
LEADER 00000nam a22000005i 4500
001 in00004378317
006 m o d
007 cr nn 008mamaa
008 210520s2021 sz | o |||| 0|eng d
005 20230330185139.3
020 |a 9783030624521 
024 7 |a 10.1007/978-3-030-62452-1  |2 doi 
035 |a (DE-He213)978-3-030-62452-1 
035 |a in00004378317 
050 4 |a QR180-189.5 
072 7 |a MJCM  |2 bicssc 
072 7 |a MED044000  |2 bisacsh 
072 7 |a MJCM  |2 thema 
082 0 4 |a 616.079  |2 23 
245 1 0 |a Three Dimensional Human Organotypic Models for Biomedical Research /  |c edited by Fabio Bagnoli, Rino Rappuoli. 
250 |a 1st ed. 2021. 
264 1 |a Cham :  |b Springer International Publishing :  |b Imprint: Springer,  |c 2021. 
300 |a 1 online resource (VIII, 265 pages 22 illustrations, 20 illustrations in color.) 
336 |a text  |b txt  |2 rdacontent 
337 |a computer  |b c  |2 rdamedia 
338 |a online resource  |b cr  |2 rdacarrier 
347 |a text file  |b PDF  |2 rda 
490 1 |a Current Topics in Microbiology and Immunology,  |x 2196-9965 ;  |v 430 
505 0 |a Introduction: Rationale of using skin models in research -- Skin anatomy (human and animals for experimental research) -- In vivo skin models -- In vitro human skin models (Skin equivalents vs skin explants) -- Human skin models for studying cutaneous infections -- Skin animal models for pharmacological research -- Human skin models for pharmacological research -- Human skin models for allergological research -- Human skin models for cancer research -- Human skin models for vaccine research. 
520 |a This edited volume discusses the application of very diverse human organotypic models in major areas of biomedical research. The authors lay a main focus on infectious diseases, cancer, allergies, as well as drug/vaccine discovery and toxicology studies. Representing a valid alternative to laboratory animals, these models are relevant for most areas of translational research. As the contemporary research shows, many human tissues can today be cultivated in vitro and used for several research objectives. This book provides an unprecedented overview of recent developments in an exciting field of research methodology. It is a reference guide for scientists in both academia and industry. Readers can update their knowledge and get hands-on recommendations on how to set up an organotypic model in their lab. Chapters 'Progress on Reconstructed Human Skin Models for Allergy Research and Identifying Contact Sensitizers' and 'Human Organotypic Models for Anti-infective Research' of this book are available open access under a CC BY 4.0 license at link.springer.com. 
650 0 |a Immunology. 
650 0 |a Cancer research. 
650 0 |a Regenerative medicine. 
650 0 |a Tissue engineering. 
650 0 |a Stem cells. 
650 0 |a Cell culture. 
650 1 4 |a Immunology.  |0 https://scigraph.springernature.com/ontologies/product-market-codes/B14000 
650 2 4 |a Cancer Research.  |0 https://scigraph.springernature.com/ontologies/product-market-codes/B11001 
650 2 4 |a Regenerative Medicine/Tissue Engineering.  |0 https://scigraph.springernature.com/ontologies/product-market-codes/L16080 
650 2 4 |a Stem Cells.  |0 https://scigraph.springernature.com/ontologies/product-market-codes/L16010 
650 2 4 |a Cell Culture.  |0 https://scigraph.springernature.com/ontologies/product-market-codes/L16020 
655 7 |a Electronic books.  |2 local 
700 1 |a Bagnoli, Fabio.  |e editor.  |4 edt  |4 http://id.loc.gov/vocabulary/relators/edt 
700 1 |a Rappuoli, Rino.  |e editor.  |4 edt  |4 http://id.loc.gov/vocabulary/relators/edt 
710 2 |a SpringerLink (Online service) 
773 0 |t Springer Nature eBook 
776 0 8 |i Printed edition:  |z 9783030624514 
776 0 8 |i Printed edition:  |z 9783030624538 
776 0 8 |i Printed edition:  |z 9783030624545 
830 0 |a Current Topics in Microbiology and Immunology,  |x 2196-9965 ;  |v 430 
856 4 0 |u http://proxy.library.tamu.edu/login?url=https://doi.org/10.1007/978-3-030-62452-1  |z Connect to the full text of this electronic book  |t 0 
950 |a Biomedical and Life Sciences (SpringerNature-11642) 
950 |a Biomedical and Life Sciences (R0) (SpringerNature-43708) 
955 |a Springer EBA Purchase 
999 f f |s 8a12fd9f-e947-4e56-afcb-1e4b28fcdb8b  |i 24be809a-aaf1-3103-92f2-bd37253ecb16  |t 0 
952 f f |a Texas A&M University  |b College Station  |c Electronic Resources  |d Available Online  |t 0  |e QR180-189.5   |h Library of Congress classification 
998 f f |a QR180-189.5   |t 0  |l Available Online